000 00379pab a2200145 454500
008 180718b1987 xxu||||| |||| 00| 0 eng d
100 _aLieten, G.K.
245 _aIndian Workers in multinational companies
260 _c1987
300 _a810-22
362 _a2 May
650 _aInternational Business Enterprises
773 _aEconomic and Political Weekly
909 _a11184
999 _c11184
_d11184